| 000 | 00998nam a2200301 4500 | ||
|---|---|---|---|
| 003 | EC-UNACH | ||
| 005 | 20260311142009.0 | ||
| 006 | s||||gr|||| 00| 00 | ||
| 008 | 150116t9999 mx r gr 000 0 spa d | ||
| 020 | _a 958-8110-45-9 | ||
| 040 |
_aEC-UNACH _cEC-UNACH |
||
| 041 | _aspa | ||
| 082 | 0 | 4 |
_223 _a371.3 _bL022322 |
| 110 | _aProlibros | ||
| 245 | _aEstrategia y métodos pedagógicos. | ||
| 250 | _aPrimera edición | ||
| 264 |
_a Colombia _bProlibros _c2002 |
||
| 300 | _a129 paginas | ||
| 505 | _aDe la Paidela, la discalculia y el magisterium.-- Métodos pedagógicos.-- Teoría y práctica.-- La materia prima del conocimiento.-- Tipos de aprendizaje.-- Ajustes de estrategias a los proyectos educativos. | ||
| 650 | _aMETODOLOGIA | ||
| 650 | _aINVESTIGACIÓN | ||
| 650 | _aTEORÍA Y PRACTICA | ||
| 700 | _aNubia Consuelo Ruiz Ayala | ||
| 942 |
_2ddc _c1 |
||
| 999 | _c14384 | ||